Daň pri autorských honorároch

Príjem autorov za príspevky do novín a časopisov, rozhlasu alebo televízie, ktorý sa zdaní zrážkovou daňou, sa považuje za daňovo vysporiadaný. Daný príjem sa neuvádza v daňovom priznaní a nevstupuje ani do vymeriavacích základov na plnenie odvodov. Prípady, keď si autor chce tieto príjmy zdaniť sám...

Ausführliche Beschreibung

Gespeichert in:
Bibliographische Detailangaben
1. Verfasser: Boráková, Marta
Format: Buchkapitel
Sprache:Slowakisch
Schlagworte:
Tags: Tag hinzufügen
Keine Tags, Fügen Sie das erste Tag hinzu!

MARC

LEADER 00000naa a2200000 4500
001 0197514
005 20231120134904.8
041 0 |a slo 
044 |a SK 
245 1 0 |a Daň pri autorských honorároch  |c Marta Boráková 
520 |a Príjem autorov za príspevky do novín a časopisov, rozhlasu alebo televízie, ktorý sa zdaní zrážkovou daňou, sa považuje za daňovo vysporiadaný. Daný príjem sa neuvádza v daňovom priznaní a nevstupuje ani do vymeriavacích základov na plnenie odvodov. Prípady, keď si autor chce tieto príjmy zdaniť sám. 
610 2 0 |a právo autorské 
610 2 0 |a honoráre 
610 2 0 |a dane zo zisku 
610 2 0 |a dane zrážkové 
100 1 |a Boráková, Marta